000 01072nam a22002417a 4500
003 OSt
005 20260512103131.0
008 260512b xxu||||| |||| 00| 0 eng d
040 _cBMC
082 _a670.42
100 1 _aRamirez Mendoza , Alan Ives
_950391
245 1 0 _aDiseño y construcción de martinete de forja a realizar en Universidad Católica de El Salvador
_b: Proyecto, Informe final
_cAlan Ives Ramirez Mendoza
260 _aSanta Ana (El Salvador)
_bUniversidad Católica de El Salvador
_c2025
300 _a100 h.
_c28 cm
_e+ 1 disco compacto
500 _aPrecede al tít.: Universidad Católica de El Salvador, Facultad de Ingeniería y Arquitectura
502 _aPara optar al título de Ingenieria Industrial
505 _aPeríodo de realización: de febrero a julio 2025
650 2 4 _919919
_aIngeniería industrial
700 1 _aBonilla Morán, Kevin Alexander
_950392
700 1 _aMagaña Menendez, Andrés Guillermo
_950393
710 2 _91166
_aUniversidad Católica de El Salvador
_bFacultad de Ingeniería y Arquitectura
942 _2ddc
_cTG
999 _c36657
_d36657